000 00744nam a2200241 a 4500
001 13417
003 BD-JhCC
005 20230917094700.0
008 230917s2019 bg |||| |||| 000 0 ben d
035 _a(BD-JhCC)13417
040 _aBD-JhCC
_dBD-JhCC
041 _aben
082 _a922.97
_bKHO 2019
100 _aখলিল, ইব্রাহীম
245 _aস্পেন বিজয়ী মুসা /
_cইব্রাহীম খলিল
260 _aঢাকা :
_bফাহিম বুক ডিপো,
_c২০১৯
300 _a৭৯ পৃ. :
_c২১ সেমি.
600 _aNoyasayor, Musa-Bin
650 _aMuslim war
650 _aBiography
650 _aJuvenile literature
942 _2ddc
_cBK
999 _c13417
_d13417